000 00221 a2200097 4500
001 55363
100 _a
245 _aGreat groung meat recipes
260 _aColombia
_bTrident Press
_c2000
090 _c34347
_d34347
942 _aNUST-CAE
_cMONOGRAPH
_c27055
999 _c290436
_d290436